00670 2200229 4500001002100000005001500021035002000036007000300056008004100059020001800100082001000118084001600128100001900144245013500163260004200298300003000340650001200370700001600382700001800398990001200416990001200428INLIS00000000000264120181226102041 a0010-1218000200ta181226 g 1 ind  a9786024554187 a398.2 a398.2 PUN d0 aPUNTER, Russel1 aDongeng Pertamaku: Penguin Kecil yang Kedinginan (Level 2) /cRussel Punter; pengalih bahasa, Andi Wahyu; penyunting, Putri Sastra aJakarta :bBhuana Ilmu Populer,c2018 a32 hlm. :bilus. ;c20 cm aDONGENG0 aANDI, Wahyu0 aPUTRI, Sastra a16928 a a16928 b